000 00823nam a2200229 a 4500
001 65735
003 BD-RjUL
005 20211209081446.0
008 890105s1986 bg s f000 0 eng
020 _c: Complimentary
035 _a(BD-RjUL)65865
040 _aDLC
_cDLC
_dDLC
_dBD-RjUL
_beng
041 _aeng
082 0 0 _a304.6095492021
_223
_bBAB 1986 (BDSVRS)
110 1 _aBangladesh Bureau of Statistics.
_9155808
245 1 0 _aBangladesh demographic survey and vital registration system :
_ba short description and summary findings, 1980-85 /
_cBangladesh Bureau of Statistics.
260 _aDhaka :
_bBangladesh Bureau of Statistics,
_c1986.
300 _a[6], 23 p. ;
_c29 cm.
650 0 _aDemographic surveys
_zBangladesh.
_9194378
651 0 _aBangladesh
_xPopulation
_xStatistics.
_9194379
942 _2ddc
_cRAR
999 _c65735
_d65735